01770naa a22002417a 45000010005000000030009000050050017000140080041000310400034000720410013001060440007001190800011001261000116001372450157002532460116004105000021005265200571005476500026011186550030011446500016011747000118011907730220013087197KOSZ 00520190606151716.0141020s2010 pl a|||| |||| 10| 0 pol  cBPPdKOSZ 005/EGdKOSZ 005/HR apolbeng apl a621.921 aKACALAK, Wojciech.d1996 - .bPolitechnika Koszalińska - Wydział Mechaniczny,cKatedra Mechaniki Precyzyjnej aMetodyka oceny topografii folii ściernych ze szczególnym uwzględnieniem rozmieszczenia ziaren ściernych /cWojciech Kacalak, Katarzyna Tandecka.31aThe methodology of valuation topography grinding belts with special regard of the distribution abrasive grains  aDane z autopsji. aPrzedmiotem badań są folie typu IMFF firmy #M o różnej wielkości nominalnej ziaren ściernych. Do analizy topografii powierzchni narzędzi wykorzystano mikroskop skaningowy oraz system pomiarowy Talysurf CCI 6000 firmy Taylor Hobson. Analizowano rozmieszczenie wierzchołków aktywnych ziaren ściernych za pomocą dekompozycji powierzchni na komórki Voronoi oraz zastosowano analizę motywów. Poddano analizie odległości między ziarnami, pola powierzchni otoczenia ziaren, wysokości wierzchołków ziaren ściernych i ich objętości. 0aMateriały ścierne. 0aMateriały konferencyjne. 0aSzlifowanie aTANDECKA, Katarzyna.bPolitechnika Koszalińska - Wydział Mechaniczny,cKatedra Mechaniki Precyzyjnejd2011 - .0 iW :tPodstawy i technika obróbki ściernej / pod red. A. Gołąbczaka i B. Kruszyńskiego. -dŁódź : Politechnika Łódzka, 2010. -gs. 193-204kMonografia Wydziału Mechanicznego / Politechnika Łódzka